000 00347nam a2200133Ia 4500
005 20260328104321.0
008 260328s9999||||xx |||||||||||||| ||und||
100 _aSchwartz, Frederic
245 0 _aVenturi, Scott Brown and Associates /
_cFrederic Schwartz
260 _bGustavo Gili
300 _a270 p.
650 _aVENTURI,ROBERT
942 _cBK
999 _c11371
_d11371